| 000 | 00435nam a22001697a 4500 | ||
|---|---|---|---|
| 999 |
_c10953 _d10953 |
||
| 008 | 161025b xxu||||| |||| 00| 0 eng d | ||
| 020 | _a0582088275 | ||
| 040 |
_aBSU _cBSU _dBSU |
||
| 082 |
_222 _a822.3SHA |
||
| 100 |
_aShakespeare, William _91896 |
||
| 245 |
_aMacbeth _cWilliam Shakespeare |
||
| 260 |
_aEngland _bLongman _c1992 |
||
| 300 |
_axx, 284p.; _c20cm |
||
| 650 | _2English-Novel | ||
| 658 | _aLiterature | ||
| 942 |
_2ddc _cBK |
||